01007 a2200265 4500003000500000005001700005010001600022020002800038022001500066040000900081082001200090245011000102260006000212300003300272440004100305650002500346650002600371650004200397650004600439650002100485651003900506700001700545856008900562856009000651Nust20170207154051.0 a 00029369 a0444505024 (alk. paper) a0444505024 cNust00a621.36700aImage and video databases (E-BOOK)brestoration, watermarking, and retrieval /cA. Hanjalic ... [et al.]. aAmsterdam ;aNew York :bElsevier Science B. V.,c2000. axx, 445 p. :bill. ;c25 cm. 0aAdvances in image communication ;v8 0aDatabase management. 0aDigital watermarking. 0aImage processingxDigital techniques. 0aTelecommunications engineering - (E-BOOK) 0aVideo recordings aImage and video databases (E-BOOK)1 aHanjalic, A.423Publisher descriptionuhttp://www.loc.gov/catdir/enhancements/fy0610/00029369-d.html423Table of contents onlyuhttp://www.loc.gov/catdir/enhancements/fy0610/00029369-t.html